Mantor menace : (Record no. 9204)

MARC details
000 -LEADER
fixed length control field 00848nam a22002777a 4500
001 - CONTROL NUMBER
control field 9204
003 - CONTROL NUMBER IDENTIFIER
control field FISKH
005 - DATE AND TIME OF LATEST TRANSACTION
control field 20251201154206.0
008 - FIXED-LENGTH DATA ELEMENTS--GENERAL INFORMATION
fixed length control field 251201b cb ||||| |||| 00| 0 eng d
020 ## - INTERNATIONAL STANDARD BOOK NUMBER
International Standard Book Number 9781403750150
040 ## - CATALOGING SOURCE
Original cataloging agency FISKH
Language of cataloging eng
Transcribing agency FISKH
Modifying agency FISKH
050 ## - LIBRARY OF CONGRESS CALL NUMBER
Classification number PZ7.S88235 M
082 ## - DEWEY DECIMAL CLASSIFICATION NUMBER
Classification number 813
100 ## - MAIN ENTRY--PERSONAL NAME
Personal name Stone, Slade
Relator term Author
245 ## - TITLE STATEMENT
Title Mantor menace :
Remainder of title Power Rangers jungle fury /
260 ## - PUBLICATION, DISTRIBUTION, ETC.
Place of publication, distribution, etc. Tennessee :
Name of publisher, distributor, etc. The Dalmatian Press ,
Date of publication, distribution, etc. 2008
300 ## - PHYSICAL DESCRIPTION
Extent 24 unnumbered pages :
Other physical details color illustrations ;
Dimensions 21 cm
490 ## - SERIES STATEMENT
Series statement Power Rangers :
Volume/sequential designation Jungle Fury
505 ## - FORMATTED CONTENTS NOTE
Formatted contents note J<br/>
520 ## - SUMMARY, ETC.
Summary, etc. The Jungle Fury Power Rangers try to stop the evil Dai Shi and his army of Rin Shi soldiers.
521 8# - TARGET AUDIENCE NOTE
Target audience note 450<br/>
Source Lexile estimate<br/>
521 8# - TARGET AUDIENCE NOTE
Target audience note J<br/>
Source Raz-Plus<br/>
650 ## - SUBJECT ADDED ENTRY--TOPICAL TERM
Topical term or geographic name entry element Fantasy
Form subdivision Picture book
942 ## - ADDED ENTRY ELEMENTS (KOHA)
Source of classification or shelving scheme Dewey Decimal Classification
Koha item type Books
Suppress in OPAC No
Holdings
Withdrawn status Lost status Source of classification or shelving scheme Damaged status Not for loan Collection Home library Current library Shelving location Date acquired Total Checkouts Full call number Barcode Date last seen Copy number Price effective from Koha item type
    Dewey Decimal Classification     Juvenile Fiction Footprints International School Library Network Toul Tom Poung Campus Footprints International School Library Network Toul Tom Poung Campus TTP Primary Dark Blue Bookshelves 12/01/2025   STO 813 PZ7.S88235 M 2025-4997 12/01/2025 1 12/01/2025 Books